| 000 | 00406cam a22001337a 4500 | ||
|---|---|---|---|
| 008 | 180718b2005 xxu||||| |||| 00| 0 eng d | ||
| 082 | _aA81x54 01/07A/A | ||
| 100 | _aCensus of India 2001 | ||
| 245 | _aHaryana: administrative atlas | ||
| 260 |
_aDelhi _bThe Controller of Publications _c2005 |
||
| 300 | _a478+p. | ||
| 440 | _aCensus of India 2001. Series-7, Haryana | ||
| 650 | _aHaryana - Atlases - Census | ||
| 999 |
_c491920 _d491920 |
||